The Student's Guide To World Theatre (Record no. 351905)

000 -LEADER
fixed length control field 00493nam a22001937a 4500
003 - CONTROL NUMBER IDENTIFIER
control field OSt
005 - DATE AND TIME OF LATEST TRANSACTION
control field 20180116183058.0
008 - FIXED-LENGTH DATA ELEMENTS--GENERAL INFORMATION
fixed length control field 161026b xxu||||| |||| 00| 0 eng d
020 ## - INTERNATIONAL STANDARD BOOK NUMBER
International Standard Book Number 0
040 ## - CATALOGING SOURCE
Transcribing agency 0
082 ## - DEWEY DECIMAL CLASSIFICATION NUMBER
Classification number 792.09 BUR 1962
100 ## - MAIN ENTRY--PERSONAL NAME
Personal name Burton,E.J.
245 ## - TITLE STATEMENT
Title The Student's Guide To World Theatre
Statement of responsibility, etc. E.J.Burton,M.A.
260 ## - PUBLICATION, DISTRIBUTION, ETC.
Place of publication, distribution, etc. London
Name of publisher, distributor, etc. Herbert Jenkins
Date of publication, distribution, etc. 1962
300 ## - PHYSICAL DESCRIPTION
Extent 207p.
Other physical details HB.
440 ## - SERIES STATEMENT/ADDED ENTRY--TITLE
Title The Student's Guide To World Theatre
500 ## - GENERAL NOTE
General note HB.
942 ## - ADDED ENTRY ELEMENTS (KOHA)
Source of classification or shelving scheme
Koha item type Book
Holdings
Withdrawn status Lost status Source of classification or shelving scheme Damaged status Not for loan Collection code Permanent Location Current Location Shelving location Date acquired Total Checkouts Total Renewals Full call number Barcode Date last seen Price effective from Koha item type
            Central Library (CL) Central Library (CL) General Stacks 10/26/2016   1 792.09 BUR 1962 NBSD-2959 08/08/2023 10/26/2016 Book
© 2023 Central Library, National University of Sciences and Technology. All Rights Reserved.